01516nam a22001937a 450000500170000000800410001702000180005804000070007604100080008308200210009110000180011224500840013026000300021430000260024436500630027052009310033365000360126470000220130020250212121718.0250212b ||||| |||| 00| 0 eng d a9780367240639 cAL aeng 223a614.15bPOLI aDavid Polizzi aForensic psychology reconsideredb: a critique of mental illness and the courts aNew YorkbRoutledgec2019 aix,218pbPBc23x18cm. 2Generala6385b₹1036.00c₹d₹1295.00e20%f6/02/2025 aForensic psychology is where psychology meets the criminal justice system. An understanding of the intersection of criminal law and psychological issues relating to criminal responsibility is critical for criminal justice students. This accessible text focuses on the criminal law implications of forensic psychology as it relates to topics such as competency to stand trial, state of mind at the time of the crime, suicide by cop, and involuntary psychiatric medication administered in custody. Unlike more traditional texts on this topic, which are primarily concerned with the clinical practice of forensic psychology, this book focuses on critical thinking as it relates to these topics. Each chapter presents a critical analysis of the topic under study, going beyond merely identifying the legal parameters of criminal responsibility to explore the ethical, philosophical, and theoretical foundations of that concept.  2PsychologyaForensic Psychology aDraper, Matthew R